| 000 | 011280000a22002530004500 | ||
|---|---|---|---|
| 003 | EG-GICUC | ||
| 005 | 20250223030100.0 | ||
| 008 | 091010s1976 ua d f m 000 0 ara d | ||
| 040 |
_aEG-GiCUC _bara _cEG-GiCUC |
||
| 041 | 0 | _aAra | |
| 049 | _aايداع | ||
| 097 | _aماجستير | ||
| 099 | _aCai01.02.07.M.A.1976.حس.م | ||
| 100 | 0 | _aحسنى عبدالرحمن الشيمى | |
| 245 | 1 | 2 |
_aالمكتبة فى المدرسة المصرية : _bدراسة تطبيقية على مكتبات محافظتى القاهرة والمنوفية / _cحسنى عبدالرحمن الشيمى ؛ اشراف انور احمد عمر |
| 260 |
_aالقاهرة : _bحسنى عبدالرحمن الشيمى : _c1976 |
||
| 300 |
_a368ورقة : _bرسوم بيانية ؛ _c30سم |
||
| 502 | _aاطروحة(ماجستير) - جامعة القاهرة - كلية الاداب - قسم المكتبات والوثائق والمعلومات | ||
| 700 | 0 |
_aانور احمد عمر : _eمشرف |
|
| 856 | _uhttp://172.23.153.220/th.pdf | ||
| 905 |
_aMustafa _eRevisor |
||
| 905 |
_aSamia _eCataloger |
||
| 942 |
_2ddc _cTH |
||
| 999 |
_c27117 _d27117 |
||